Akým spôsobom zvýšiť príjmy do štátneho rozpočtu vo väzbe na zahraničných podnikateľov

Gespeichert in:
Bibliographische Detailangaben
1. Verfasser: Vincúrová, Zuzana
Format: Buchkapitel
Sprache:Slowakisch
Schlagworte:
Tags: Tag hinzufügen
Keine Tags, Fügen Sie das erste Tag hinzu!

MARC

LEADER 00000naa$a2200000$$$4500
001 0238432
005 20240502073846.1
041 0 |a slo 
044 |a SK 
245 1 0 |a Akým spôsobom zvýšiť príjmy do štátneho rozpočtu vo väzbe na zahraničných podnikateľov  |c Zuzana Vincúrová 
610 2 0 |a rozpočty verejné 
610 2 0 |a financie 
610 2 0 |a príjmy 
610 2 0 |a dane z príjmov 
610 2 0 |a investori 
610 2 0 |a investície zahraničné 
610 2 0 |a únie colné 
610 2 0 |a obchod zahraničný 
610 2 0 |a Slovensko 
610 2 0 |a Česko 
100 1 |a Vincúrová, Zuzana